[Event "ESP-chT Primera Division 2019"]
[Site "Linares"]
[Date "2019.08.27"]
[Round "2.2"]
[White "Volkov, Sergey"]
[Black "Plazuelo Pascual, Juan"]
[Result "1/2-1/2"]
[WhiteElo "2547"]
[BlackElo "2411"]
[Annotator "TA"]
[PlyCount "137"]
[EventDate "2019.08.26"]
[EventType "team-tourn"]
[EventCountry "ESP"]
[SourceTitle "playchess.com"]
[Source "ChessBase"]
[SourceQuality "1"]

{[%evp 17,137,25,6,0,23,26,44,31,43,45,29,29,44,38,65,65,59,64,58,58,71,65,58,53,81,87,97,97,98,100,99,97,103,97,203,89,89,81,78,75,77,51,53,39,83,66,66,75,70,36,42,33,25,40,136,42,47,29,29,29,29,29,29,29,28,36,34,27,22,22,30,26,26,31,29,21,35,28,52,41,41,41,50,50,92,60,106,47,72,53,64,52,63,46,53,46,74,62,77,78,75,73,72,0,52,36,36,27,27,27,27,27,27,0,0,0,0,0,0,0,0,0]} 1. d4 Nf6 2. c4 e6 3. Nf3 d5 4. Nc3 Be7 5. Bf4 O-O 6. e3 c5 7. dxc5 Bxc5 8. a3 Nc6 {[%cal Bb8c6,Bc6e7,Be7g6][%mdl 32]} 9. b4 Be7 10. Qc2 {D37: Queen's Gambit Declined: 5 Bf4} (10. cxd5 exd5 11. Be2 Be6 12. O-O Ne4 13. Rc1 Bf6 14. Na4 Rc8 15. Nc5 Nc3 16. Qd3 Bf5 17. Qd2 d4 18. Nxb7 dxe3 19. Qxe3 {½-½ (58) Topalov,V (2749)-Nakamura,H (2780) Saint Louis 2017}) 10... Nh5 $146 ({Predecessor:} 10... Bd7 11. Be2 Rc8 12. O-O dxc4 13. Rad1 Qe8 14. Rd2 a5 15. b5 Nb4 16. axb4 axb4 17. Ne4 b3 18. Nxf6+ Bxf6 {0-1 (39) Christiansen,L (2555)-Olafsson,H (2545) Reykjavik 1986}) 11. Bg3 Bf6 12. Rd1 {[%cal Rc3d5] White is slightly better.} Ne7 13. Ne4 Bd7 14. Nxf6+ Nxf6 15. Ne5 Ng6 16. Be2 $36 {[%mdl 2048] White has some pressure.} a5 {Hoping for ...Nxe5.} 17. b5 Rc8 18. a4 Qe7 19. O-O Rfd8 20. Qc3 b6 21. Qd4 Rc5 22. cxd5 exd5 23. Nd3 Rc2 24. Bf3 Qe6 25. Ne5 Be8 (25... Nxe5 $16 26. Bxe5 (26. Qxe5 Re8 $14) 26... Rc4) 26. Nc6 (26. Nxg6 $18 hxg6 27. e4 $1 {[%mdl 512]}) 26... Bxc6 $16 27. Qxb6 Ra8 28. bxc6 Rxc6 29. Qb7 Rac8 30. Be2 Qe7 31. Ba6 Qe6 32. Bb5 Rc2 33. Qa7 h5 $1 {[%cal Rh5h4]} 34. Bd3 ({Avoid the trap} 34. Qxa5 $2 h4 $19) 34... R2c5 35. Ba6 R8c6 {[#]} (35... h4 $14 36. Bxc8 Rxc8) 36. Bb5 (36. Bb7 $1 $16) 36... Rc8 $14 {next ...h4 is good for Black.} 37. h3 Ne4 38. Bd7 Qe7 {Threatens to win with ...Nf8.} 39. Bb8 $1 Rd8 40. Bf5 {Bxe4 is the strong threat.} Rc4 41. Bxg6 Qxa7 42. Bxa7 fxg6 43. Bb6 Rd6 44. Bxa5 Rxa4 45. Bc7 Rd7 46. Be5 Kf7 47. f3 Nf6 48. Rd2 Ke6 49. Bd4 Ne8 50. Rc1 Ra6 51. g4 Nd6 52. Kf2 (52. gxh5 $16 gxh5 53. Rg2) 52... Nc4 53. Re2 Ne5 {Strongly threatening ...Nd3+.} 54. Rc8 Nc6 55. Bc3 Kf7 56. Rb2 Ne7 57. Rh8 hxg4 58. hxg4 {Black must now prevent Rh7.} Ra3 59. Bb4 Ra4 60. Bc3 ({White should play} 60. Bc5 $16) 60... Rc4 (60... Ra3 $11 61. Bd4 Nc6) 61. Rb3 {aiming for Rh7.} Nc6 $1 62. Kg3 d4 63. exd4 Nxd4 64. Bxd4 Rcxd4 $11 {KRR-KRR} 65. Rbb8 g5 {The position is equal.} 66. Rhf8+ Kg6 67. Rf5 R4d5 68. Rb6+ R7d6 69. Rxd6+ {Accuracy: White = 67%, Black = 56%.} 1/2-1/2

[Event "ESP-chT Primera Division 2019"]
[Site "Linares"]
[Date "2019.08.27"]
[Round "2.3"]
[White "Rubio Mejia, Luis Ignacio"]
[Black "Cuenca Jimenez, Jose Fernando"]
[Result "0-1"]
[WhiteElo "2435"]
[BlackElo "2515"]
[Annotator "ChessBase"]
[PlyCount "84"]
[EventDate "2019.08.26"]
[EventType "team-tourn"]
[EventCountry "ESP"]
[SourceTitle "playchess.com"]
[Source "ChessBase"]
[SourceQuality "1"]
[TimeControl "5400+30"]

1. d4 {[%emt 0:00:00]} Nf6 {[%emt 0:00:00]} 2. c4 {[%emt 0:00:00]} e6 {[%emt 0:00:00]} 3. Nc3 {[%emt 0:00:16]} Bb4 {[%emt 0:00:00]} 4. e3 {[%emt 0:01:46]} b6 {[%emt 0:01:17]} 5. Bd3 {[%emt 0:02:19]} Bb7 {[%emt 0:00:47]} 6. Nf3 {[%emt 0:00:29]} O-O {[%emt 0:00:09]} 7. O-O {[%emt 0:01:14]} d5 {[%emt 0:00:03]} 8. cxd5 {[%emt 0:03:14]} exd5 {[%emt 0:00:06]} 9. a3 {[%emt 0:00:31]} Bd6 {[%emt 0:00:12]} 10. b4 {[%emt 0:00:44]} Nbd7 {[%emt 0:00:56]} 11. Qb3 {[%emt 0:04:14]} a6 {[%emt 0:00:16]} 12. Bb2 {[%emt 0:07:58]} Qe7 {[%emt 0:09:17]} 13. Rfd1 {[%emt 0:14:51]} b5 {[%emt 0:27:15]} 14. Ne2 {[%emt 0:19:16]} Nb6 {[%emt 0:05:20]} 15. Ng3 {[%emt 0:00:57]} g6 {[%emt 0:01:39]} 16. Bc3 {[%emt 0:18:11]} Ne4 {[%emt 0:07:44]} 17. Be1 {[%emt 0:09:43]} Rae8 {[%emt 0:07:51]} 18. Nd2 {[%emt 0:03:09]} Nxd2 {[%emt 0:09:10]} 19. Rxd2 {[%emt 0:02:22]} h5 {[%emt 0:02:41]} 20. Nf1 {[%emt 0:04:42]} h4 {[%emt 0:03:18]} 21. h3 {[%emt 0:01:01]} f5 {[%emt 0:01:45]} 22. Re2 {[%emt 0:00:40]} Kg7 {[%emt 0:01:39]} 23. Qc2 {[%emt 0:01:38]} Qf6 {[%emt 0:00:49]} 24. Nh2 {[%emt 0:00:59]} g5 {[%emt 0:03:05]} 25. Ra2 {[%emt 0:00:58]} Re7 {[%emt 0:02:42]} 26. f4 {[%emt 0:00:47]} gxf4 {[%emt 0:02:11]} 27. Nf3 {[%emt 0:00:05]} Rxe3 {[%emt 0:01:14]} 28. Nxh4 {[%emt 0:01:06]} Bc8 {[%emt 0:01:05]} 29. Bf2 {[%emt 0:00:22]} Nc4 {[%emt 0:03:00]} 30. Nf3 {[%emt 0:00:34]} Re4 {[%emt 0:03:16]} 31. a4 {[%emt 0:00:19]} Bd7 {[%emt 0:01:10]} 32. axb5 {[%emt 0:00:25]} Bxb5 {[%emt 0:00:33]} 33. Ne5 {[%emt 0:00:47]} Nxe5 {[%emt 0:01:09]} 34. dxe5 {[%emt 0:00:20]} Bxe5 {[%emt 0:00:10]} 35. Bxb5 {[%emt 0:00:41]} axb5 {[%emt 0:00:11]} 36. Ra7 {[%emt 0:00:19]} Rf7 {[%emt 0:00:45]} 37. Rd2 {[%emt 0:00:26]} Rc4 {[%emt 0:01:40]} 38. Qd1 {[%emt 0:00:33]} d4 {[%emt 0:00:43]} 39. Qe1 {[%emt 0:00:52]} Qd6 {[%emt 0:01:16]} 40. Rd3 {[%emt 0:00:39]} Rc3 {[%emt 0:01:26]} 41. Rd1 {[%emt 0:00:26]} Re7 {[%emt 0:01:23]} 42. Rxd4 {[%emt 0:00:35]} Qxd4 {[%emt 0:00:35]} 0-1

[Event "ESP-chT Primera Division 2019"]
[Site "Linares"]
[Date "2019.08.27"]
[Round "2.4"]
[White "Alshameary Puente, Ismael"]
[Black "Almagro Llamas, Pablo"]
[Result "0-1"]
[WhiteElo "2444"]
[BlackElo "2453"]
[Annotator "TA"]
[PlyCount "58"]
[EventDate "2019.08.26"]
[EventType "team-tourn"]
[EventCountry "ESP"]
[SourceTitle "playchess.com"]
[Source "ChessBase"]
[SourceQuality "1"]

{[%evp 27,58,4,3,-23,-28,-29,-22,-58,-71,-54,-45,-46,-42,-40,-37,-60,-42,-42,-35,-78,-80,-114,-66,-133,-129,-156,-44,-141,-110,-395,-401,-29984,-6379]} 1. d4 Nf6 2. c4 e6 3. Nf3 Bb4+ 4. Bd2 Qe7 5. g3 Nc6 6. Bg2 Bxd2+ 7. Nbxd2 d6 8. O-O e5 9. d5 Nb8 10. Ne1 a5 11. e4 O-O 12. Nd3 Na6 13. b3 c6 14. a3 Bd7 15. b4 {E11: Bogo-Indian} (15. Re1 Rfc8 16. Qe2 cxd5 17. exd5 Qd8 18. Rec1 Bf5 19. Ne4 Bxe4 20. Bxe4 Qb6 21. Bf5 Rc7 22. Rab1 g6 {0-1 (56) Bryakin,M (2426)-Klukin,K (2326) Moscow 2019}) 15... cxd5 16. cxd5 Bb5 17. Nb3 $146 {The position is equal.} ({Predecessor:} 17. Qb3 axb4 18. a4 Nc5 19. Nxc5 Bxf1 20. Bxf1 dxc5 21. f3 Ne8 22. Nc4 b5 23. Nb6 bxa4 24. Rxa4 Rxa4 25. Qxa4 Nd6 26. Qc6 Rb8 27. Bc4 Qd8 {0-1 (27) Jurkiewicz,K (2220)-Grabczewski,R (2305) Warsaw 1987}) 17... axb4 18. axb4 Rfc8 19. Qd2 Bxd3 20. Qxd3 Nxb4 21. Qb5 Rxa1 (21... Na6 {keeps more tension.} 22. f3 h5 23. Bh3 Rcb8 24. Qb6 g6) 22. Rxa1 Na6 23. Qb6 h5 24. Rb1 Rc7 25. f3 {[#]} (25. h4 $15) 25... h4 $1 $17 {[%mdl 512]} 26. Bf1 (26. gxh4 Nh5) 26... Nd7 (26... hxg3 $17 27. hxg3 Nh5) 27. Qa5 {[#]} ({White should try} 27. Qe3 $1 $15) 27... hxg3 $1 28. Bxa6 $2 {[%mdl 8192]} (28. hxg3 $17 Qg5 29. Qe1) 28... Rc2 $19 {( -> ...Qh4)} 29. Bd3 {[#]} (29. hxg3 $19 Qg5 30. Qe1 bxa6 31. Rd1) 29... Rxh2 {Played: Qe7-h4} 0-1

[Event "ESP-chT Primera Division 2019"]
[Site "Linares"]
[Date "2019.08.27"]
[Round "2.5"]
[White "Cabrera Trujillo, Jorge"]
[Black "Cori T., Deysi"]
[Result "1/2-1/2"]
[WhiteElo "2308"]
[BlackElo "2400"]
[Annotator "TA"]
[PlyCount "81"]
[EventDate "2019.08.26"]
[EventType "team-tourn"]
[EventCountry "ESP"]
[SourceTitle "playchess.com"]
[Source "ChessBase"]
[SourceQuality "1"]

{[%evp 23,81,4,32,0,8,7,24,0,0,0,0,0,-9,0,0,-17,-21,-48,-15,-43,8,-38,0,-44,-37,-86,-55,-55,-47,-43,-15,-48,-48,-41,-41,-41,-43,-46,-47,-35,-27,-54,0,-72,-76,-62,-75,-61,0,0,0,-8,-8,-8,-8,-8,-8,-8,-8,-8]} 1. e4 c5 2. Nf3 e6 3. d4 cxd4 4. Nxd4 Nc6 5. Nc3 Qc7 6. Be3 a6 7. Bd3 Nf6 8. O-O Be7 9. Kh1 d6 10. f4 O-O 11. Qf3 Bd7 12. Rae1 Rac8 13. Nxc6 {B82: Sicilian Scheveningen: 6 f4} Bxc6 14. Qh3 {[#] Hoping for e5!} Rfe8 (14... g6 15. f5 e5 16. Bh6 Rfe8 17. fxg6 hxg6 18. Bg5 Nh5 19. Qh4 b5 20. Rf3 Qd8 21. Bxe7 Qxe7 22. Qxe7 Rxe7 {0-1 (41) Istona,M (2196)-Bulski,K (2522) Slovakia 2017}) 15. Bd4 $146 {White has an edge.} ({Predecessor:} 15. Bd2 d5 16. e5 Ne4 17. f5 Bf8 18. fxe6 fxe6 19. Re2 g6 20. Bxe4 dxe4 {½-½ (49) Nittel,C (2071)-Herriot,B (2054) ICCF email 2010}) 15... e5 16. fxe5 dxe5 {Threatens to win with ...Bd7.} 17. Nd5 Qd7 ({Don't go for} 17... Bxd5 $2 18. exd5 e4 19. Rxe4 $18) 18. Qxd7 Nxd7 19. Nxe7+ Rxe7 20. Bc3 Bb5 21. Bb4 Re6 (21... Bxd3 $15 22. cxd3 Nc5) 22. Kg1 h6 23. h3 Rb6 {[#] Strongly threatening ...Bxd3.} 24. Bc3 Bxd3 25. cxd3 Nc5 26. Re3 Rd6 (26... f6 {with more complications.} 27. d4 exd4 28. Bxd4 Rb4 29. Bxc5 Rxc5 30. Rf2 Rd4) 27. Bxe5 Rxd3 28. Rxd3 Nxd3 $11 {[%mdl 4096] Endgame KRB-KRN} 29. Bc3 Nc5 30. Re1 Na4 31. Re3 Rc4 32. Kf2 b5 (32... Nxc3 $15 33. Rxc3 Rxe4) 33. b3 (33. Kf3 $11) 33... Rxc3 $17 34. bxa4 {KR-KR} Rc2+ $1 35. Re2 Rc4 ({Better is} 35... Rxe2+ $15 36. Kxe2 bxa4) 36. axb5 $11 {The position is equal.} axb5 37. Rb2 Rxe4 38. Rxb5 Ra4 39. Rb2 Ra3 40. Ke2 f5 41. Kd2 {Accuracy: White = 45%, Black = 54%.} 1/2-1/2

[Event "ESP-chT Primera Division 2019"]
[Site "Linares"]
[Date "2019.08.27"]
[Round "2.6"]
[White "Antunez Munoz, Ines"]
[Black "Rodrigo Yanguas, Maria"]
[Result "0-1"]
[WhiteElo "1891"]
[BlackElo "2079"]
[Annotator "NA"]
[PlyCount "58"]
[EventDate "2019.08.26"]
[EventType "team-tourn"]
[EventCountry "ESP"]
[SourceTitle "playchess.com"]
[Source "ChessBase"]
[SourceQuality "1"]
[TimeControl "5400+30"]

1. d4 {[%emt 0:00:00]} e6 {[%emt 0:00:00]} 2. Bf4 {[%emt 0:00:00]} f5 {[%emt 0:01:24]} 3. g4 {[%emt 0:01:45]} Nf6 {[%emt 0:06:38]} 4. gxf5 {[%emt 0:03:58]} exf5 {[%emt 0:00:08]} 5. Nf3 {[%emt 0:01:59]} Be7 {[%emt 0:01:59]} 6. Nc3 O-O {[%emt 0:02:06]} 7. Qd3 {[%emt 0:13:14]} d5 {[%emt 0:09:52]} 8. Rg1 {[%emt 0:11:37]} Ne4 {[%emt 0:05:33]} 9. Qe3 {[%emt 0:13:21]} c5 {[%emt 0:09:06]} 10. Be5 {[%emt 0:15:55]} Rf6 {[%emt 0:16:29]} 11. Nh4 {[%emt 0:15:52]} f4 {[%emt 0:06:06]} 12. Qf3 {[%emt 0:03:25]} Rf7 {[%emt 0:02:30]} 13. Qg2 {[%emt 0:05:58]} Bxh4 {[%emt 0:06:16]} 14. Nxe4 {[%emt 0:00:22]} dxe4 {[%emt 0:01:06]} 15. Bxg7 {[%emt 0:00:19]} f3 {[%emt 0:01:44]} 16. exf3 {[%emt 0:05:17]} exf3 {[%emt 0:00:15]} 17. Qxf3 {[%emt 0:00:18]} Rxg7 {[%emt 0:07:02]} 18. Bc4+ {[%emt 0:00:15]} Kh8 {[%emt 0:00:07]} 19. Rxg7 {[%emt 0:02:14]} Kxg7 {[%emt 0:00:48]} 20. O-O-O {[%emt 0:00:42]} Qf6 {[%emt 0:01:37]} 21. Qe4 {[%emt 0:01:42]} Nc6 {[%emt 0:02:39]} 22. Rg1+ {[%emt 0:02:01]} Kh6 {[%emt 0:01:02]} 23. Kb1 {[%emt 0:00:42]} Bf5 {[%emt 0:01:45]} 24. Qe3+ {[%emt 0:00:10]} Bg5 {[%emt 0:00:38]} 25. f4 {[%emt 0:00:23]} Bh4 {[%emt 0:00:23]} 26. Qf3 {[%emt 0:00:53]} Qxd4 {[%emt 0:02:42]} 27. Qf1 {[%emt 0:00:32]} Re8 {[%emt 0:00:51]} 28. Qg2 {[%emt 0:00:26]} Qxg1+ {[%emt 0:00:41]} 29. Qxg1 {[%emt 0:00:32]} Re1+ {[%emt 0:00:01]} 0-1

[Event "ESP-chT Primera Division 2019"]
[Site "Linares"]
[Date "2019.08.27"]
[Round "2.7"]
[White "Cori, Jorge"]
[Black "Alonso Alvarez, Aitor"]
[Result "1-0"]
[WhiteElo "2686"]
[BlackElo "2305"]
[Annotator "TA"]
[PlyCount "67"]
[EventDate "2019.08.26"]
[EventType "team-tourn"]
[EventCountry "ESP"]
[SourceTitle "playchess.com"]
[Source "ChessBase"]
[SourceQuality "1"]

{[%evp 9,67,16,38,33,43,54,71,76,83,80,102,95,97,91,83,89,97,82,95,79,60,64,79,81,116,113,118,118,117,117,121,127,130,126,164,132,154,147,156,147,183,199,167,122,401,404,407,406,600,643,628,621,905,900,6331,6018,5706,2929,29986,29987]} 1. Nf3 Nf6 2. c4 c6 3. e3 d5 4. Nc3 e6 5. b3 g6 (5... Bd6 6. Bb2 O-O 7. Be2 Nbd7 8. Rc1 a6 9. d4 Re8 10. O-O e5 11. dxe5 Nxe5 12. cxd5 c5 13. Nxe5 Bxe5 14. Bf3 Qd6 15. h3 b5 {1-0 (31) Nepomniachtchi,I (2763)-Saric,I (2695) St Petersburg 2018}) 6. Be2 {A11: English Opening: 1...c6} Bg7 $146 ({Predecessor:} 6... Nbd7 7. O-O b6 8. d4 Bb7 9. Bb2 Bg7 10. Ba3 Rc8 11. cxd5 exd5 12. Rc1 Bf8 13. Bxf8 Kxf8 {1-0 (46) Schlosser,P (2577)-Berchtold,G (1936) Bregenz 2015}) 7. Ba3 Ne4 8. Rc1 {White is better.} Qa5 9. Nb1 {[%cal Bc3b1,Bb1d2,Bd2b3][%mdl 32]} Na6 {[#]} 10. O-O $1 b5 {White should prevent ...b4.} 11. b4 Qb6 12. d3 {Black must now prevent cxb5.} Nf6 13. Nbd2 O-O 14. cxb5 cxb5 15. Nb3 Bd7 16. Qd2 Rfc8 17. Bb2 Rxc1 18. Rxc1 Rc8 19. Bd4 Rxc1+ 20. Qxc1 Qb8 21. Qa3 Bc8 22. Qa5 {Threatens to win with Qd8+.} Nd7 23. Bxg7 Kxg7 24. Nfd4 Qc7 25. Nxb5 Qc2 26. N5d4 Qb1+ $2 {[%mdl 8192]} (26... Qc3 $16) 27. Bf1 $18 Qe1 28. Nc6 ({Weaker is} 28. Qd8 Ne5 $18) 28... Nab8 (28... h6 $142 29. d4 (29. Nxa7 Ne5 $16) 29... Nb6) 29. Nxb8 Nxb8 30. Qc7 {[%mdl 64] [#] Double Attack} Ba6 {intending ...Bxd3.} 31. Qe5+ f6 32. Qc7+ {[%mdl 64] Double Attack} Kh6 33. Nc5 Qxb4 34. Nxe6 {Accuracy: White = 93%, Black = 42%.} 1-0

[Event "ESP-chT Primera Division 2019"]
[Site "Linares"]
[Date "2019.08.27"]
[Round "2.8"]
[White "Andres Gonzalez, Ivan"]
[Black "Henderson de La Fuente, Lance"]
[Result "0-1"]
[WhiteElo "2284"]
[BlackElo "2487"]
[Annotator "TA"]
[PlyCount "162"]
[EventDate "2019.08.26"]
[EventType "team-tourn"]
[EventCountry "ESP"]
[SourceTitle "playchess.com"]
[Source "ChessBase"]
[SourceQuality "1"]

{[%evp 15,162,24,23,4,5,0,0,0,0,0,0,0,0,0,0,0,0,0,21,14,4,0,0,0,-2,0,0,-13,-12,-16,0,-18,-14,-11,-12,-16,0,0,0,-29,-30,-29,-10,-13,-8,-44,-27,-70,-73,-68,-68,-79,-66,-129,-128,-116,-110,-96,-22,-24,-25,-75,-35,-35,-33,-182,-177,-178,-187,-187,-187,-187,-167,-160,-140,-165,-152,-231,-231,-530,-523,-697,-697,-681,-688,-641,-687,-864,-852,-850,-685,-683,-677,-674,-640,-641,-637,-604,-597,-609,-584,-497,-465,-534,-534,-672,-732,-817,-865,-865,-851,-804,-781,-764,-817,-797,-748,-889,-861,-845,-773,-553,-514,-764,-936,-885,-877,-674,-632,-1581,-1568,-1608,-1564,-1611,-1600,-1609,-1595,-1555,-1489,-1440,-1324,-1311,-1280,-1106,-972,-29981,-29982,-29978,-29979]} 1. d4 Nf6 2. c4 e6 3. Nf3 b6 4. g3 Bb7 5. Bg2 g6 6. O-O Bg7 7. Nc3 Ne4 8. Nxe4 Bxe4 9. Bd2 {A50: Queen's Fianchetto Defence (1 d4 Nf6 2 c4 b6)} O-O 10. Bc3 d5 (10... c5 11. Rc1 Nc6 12. e3 Qc7 13. Qd2 Qb7 14. Ne1 cxd4 15. exd4 Ne7 {½-½ (43) Lenic,L (2662)-Vachier Lagrave,M (2789) chess.com INT 2018}) 11. Qa4 $146 {The position is equal.} ({Predecessor:} 11. Qb3 a5 12. a4 Qc8 13. Rfd1 Qb7 14. Ne1 Bxg2 15. Nxg2 c6 16. cxd5 cxd5 {½-½ (61) Tratar,M (2446)-Grachev,B (2628) Sibenik 2016}) 11... Qd7 12. Qxd7 Nxd7 13. cxd5 Bxd5 14. Rfc1 Rfd8 15. b4 Rac8 16. a4 Nf6 17. e3 Ne4 18. Rab1 c5 19. bxc5 bxc5 20. Ba5 Re8 21. Be1 h6 22. h4 Bf6 23. Ne5 cxd4 24. exd4 Be7 25. Ng4 h5 26. Ne3 Ba8 27. Rc4 Rxc4 28. Nxc4 Bf6 29. Ne5 Rc8 30. a5 Bd5 31. f3 Nc3 32. Rb2 {Rc2 is the strong threat.} Nd1 33. Re2 $1 Rc1 34. Kh2 ({White should play} 34. Bf1 $15) 34... Nc3 $36 {[%mdl 2048] Keeping White busy.} 35. Bxc3 Rxc3 36. f4 {[#]} Bxg2 (36... Bxe5 $1 $17 37. dxe5 Bxg2 38. Kxg2 Ra3) 37. Kxg2 {[%mdl 4096] Endgame KRB-KRN} Bd8 38. Ra2 Kg7 39. Ra4 f6 40. Rc4 (40. Nd7 $15) 40... Bxa5 $19 41. Ra4 Bb6 ({Resist} 41... fxe5 42. Rxa5 exd4 43. Rxa7+ Kf6 44. Kf2 $17) 42. Nd7 {[#]} Rc7 $1 {[%cal Rc7d7]} 43. Nxb6 axb6 {KR-KR} 44. Rb4 Rc6 45. Rb5 Kf7 46. d5 (46. Kf3 $17 {keeps fighting.}) 46... exd5 47. Rxd5 $2 (47. f5) 47... Ke6 48. Rb5 f5 49. Kf2 Rd6 50. Ke3 Kd7 51. Rb1 Kc6 52. Rc1+ Kb5 53. Rb1+ Kc4 54. Rc1+ Kb4 55. Rb1+ Kc3 56. Ke2 Re6+ 57. Kf2 Kc2 58. Rb5 Kd3 59. Rb1 Kc4 60. Rc1+ Kd5 61. Rb1 Kc6 62. Rc1+ Kb7 63. Rb1 Rd6 64. Ke3 Rd5 65. Rb2 b5 66. Rb1 Kb6 67. Rb2 Rd6 68. Rb1 Rd7 69. Ke2 Rd4 70. Ke3 Re4+ 71. Kd3 Ra4 72. Rb3 Kc5 73. Rc3+ Kd5 74. Kd2 Ra2+ 75. Kc1 Rg2 76. Re3 Kd4 77. Rb3 Kc4 78. Re3 b4 {[%cal Bb5b4,Bb4b3][%mdl 32]} 79. Kb1 b3 80. Rf3 Kb4 81. Re3 Ka3 {Accuracy: White = 38%, Black = 78%.} 0-1

[Event "ESP-chT Primera Division 2019"]
[Site "Linares"]
[Date "2019.08.27"]
[Round "2.9"]
[White "Cramling, Pia"]
[Black "Vergara Anton, Diego"]
[Result "1-0"]
[WhiteElo "2493"]
[BlackElo "2128"]
[Annotator "TA"]
[PlyCount "119"]
[EventDate "2019.08.26"]
[EventType "team-tourn"]
[EventCountry "ESP"]
[SourceTitle "playchess.com"]
[Source "ChessBase"]
[SourceQuality "1"]

{[%evp 13,119,25,56,64,50,21,20,18,13,29,16,18,44,21,35,27,16,25,19,0,0,0,38,0,44,49,43,14,31,14,21,22,32,9,127,80,81,64,141,150,149,144,156,136,172,144,143,128,112,131,127,118,118,118,126,110,112,113,126,93,96,90,89,90,98,98,105,105,106,110,106,104,154,146,184,178,285,283,285,284,291,288,296,277,291,273,427,360,360,347,527,530,572,490,1525,1487,2320,2255,1641,1546,29990,613,4817,4817,5702,5377,29987,29988]} 1. c4 e6 2. g3 Nf6 3. Bg2 d5 4. Nf3 Be7 5. O-O O-O 6. d4 dxc4 7. Ne5 Qd6 8. Na3 {E05: Open Catalan: 5 Nf3 Be7} Rd8 9. Nb5 (9. Naxc4 Qa6 10. Qc2 Rxd4 11. Bg5 Nbd7 12. Rfd1 Rxd1+ 13. Rxd1 Nxe5 14. Nxe5 Qa5 15. Bf4 Nd5 {½-½ (54) Kramnik,V (2800)-Mamedyarov,S (2809) Berlin 2018}) 9... Qb6 10. a4 {The position is equal.} c6 $1 {[%cal Rc6b5]} 11. Nxc4 Qa6 {[%mdl 64] [#] Pin} 12. Nba3 Nbd7 $146 {[%cal Bb8d7,Bd7b6,Bb6d5,Bd5b4,Bb4d3][%mdl 32]} ({Predecessor:} 12... Bxa3 13. Nxa3 e5 14. e3 Be6 15. b4 Qb6 {0-1 (37) Palatnik,S (2490)-Kuzmin,G (2535) Kiev 1978}) 13. b3 e5 14. Bb2 exd4 15. Qxd4 Nb6 16. Qc3 Nbd5 17. Qc1 Be6 18. Rd1 Rac8 19. Nc2 c5 20. e4 Nb4 {With the idea ...Nd3.} 21. N2e3 Nd3 22. Qc2 Nxb2 23. Qxb2 Bxc4 (23... Ng4 $11) 24. Nxc4 Qe6 25. e5 $36 {[%mdl 2048] White is pushing.} Ne8 (25... Nd5 $14) 26. Bxb7 $16 Rb8 27. Rxd8 Rxd8 28. Qc2 Qd7 29. Bf3 Qd3 30. Be4 Qxc2 31. Bxc2 Nc7 32. Rd1 Ne6 33. Rxd8+ Bxd8 {[%mdl 4096] Endgame KBN-KBN} 34. Kf1 Nd4 35. Bd1 f6 36. Ke1 fxe5 37. Nxe5 Ba5+ 38. Kf1 Bc7 39. Nc4 Kf7 40. Ke1 Kf6 41. Kd2 h6 42. Kd3 Nc6 43. Ne3 {[#] Nd5+ is the strong threat.} Bb6 44. Kc4 {Threatens to win with Nd5+.} Nd4 (44... Ke5 {was worth a try.} 45. Kb5 Na5) 45. b4 $18 cxb4 46. a5 ({Not} 46. Kxb4 Nc6+ 47. Kc3 Bxe3 $16) 46... Bxa5 47. Kxd4 Bb6+ 48. Ke4 Bc5 49. Bb3 g5 (49... h5 $142 50. Bd1 h4 51. gxh4 Bd6) 50. h3 h5 51. Bd1 Kg6 (51... Bd6 $142 52. Kd5 Bf8 53. Bxh5 Bg7) 52. Ke5 a5 53. Ke6 Ba7 (53... Bb6 $142 54. Nc4 Bc7 55. Bc2+ Kg7) 54. Bc2+ Kh6 55. Nf5+ Kg6 56. Nd6+ Kh6 57. Ne4 (57. Kf6 $142 Bd4+ 58. Kf7 Bc5 59. Ne8 Bd4 60. Bg6 Be5 61. Nf6 Bxf6 62. Kxf6) 57... Kg6 58. f4 gxf4 59. gxf4 Bd4 60. Nd6+ {Accuracy: White = 73%, Black = 38%.} 1-0